000
00278nam a2200109Ia 4500
001
1272419
005
20260417151428.0
008
260417s9999 xx 000 0 und d
020
_a
9786256698574
245
0
_a
Ben Neden Bu Kadar Böyle
_c
Güray Süngü
260
_b
Ketebe Genç
999
_c
1272419
_d
1272419